000 00738nam a2200205 i 4500
001 40812
003 ES-MaACL
005 20240223183401.0
007 t|
008 030307s1967 sp ||||1| spa d
100 1 _aCarilla, Emilio.
_935246
245 1 4 _aUna etapa decisiva de Darío
_b: (Rubén Darío en la Argentina) /
_cEmilio Carilla.
260 _aMadrid :
_bGredos,
_c[1967]
300 _a198 p. ;
_c20 cm.
490 1 _aBiblioteca románica hispánica.II,Estudios y ensayos ;
_v99
600 1 4 _aDarío, Rubén,
_d1867-1916-
_xCrítica e interpretación
_942722
830 0 _aBiblioteca románica hispánica.II,Estudios y ensayos ;
_v99
_9178108
852 _aES-MaACL
_jC-33086
_bR.63234
999 _c40812
_d40812